Ultimate CV / (Record no. 74995)

MARC details
000 -LEADER
fixed length control field 00722nam a22002297a 4500
005 - DATE AND TIME OF LATEST TRANSACTION
control field 20140827123208.0
010 ## - LCCN (DPL NO)
LC control number B-498670-680 ENG-110373
020 ## - INTERNATIONAL STANDARD BOOK NUMBER
International Standard Book Number 9780749464042
Terms of availability 350.00
035 ## - SYSTEM CONTROL NUMBER
System control number B-498670-680
035 ## - SYSTEM CONTROL NUMBER
System control number EN-93905
037 ## - SOURCE OF ACQUISITION
Source of stock number/acquisition UBH/VEN
Stock number DPL
082 ## - DEWEY DECIMAL CLASSIFICATION NUMBER
Classification number 650.142
100 ## - MAIN ENTRY--PERSONAL NAME
Personal name Yate, Martin John
245 ## - TITLE STATEMENT
Title Ultimate CV /
Statement of responsibility, etc by Martin John Yate
250 ## - EDITION STATEMENT
Edition statement 3rd ed
260 ## - PUBLICATION, DISTRIBUTION, ETC. (IMPRINT)
Place of publication, distribution, etc New Delhi
Name of publisher, distributor, etc Kogan Page
Date of publication, distribution, etc 2012
270 ## - ADDRESS
Address 4737/23, Ansari Road ,Daryaganj
City New Delhi
Postal code 110002
300 ## - PHYSICAL DESCRIPTION
Extent ix, 318p. :
Dimensions 24cm(pbk)
Other physical details ill.
500 ## - GENERAL NOTE
General note Includes index
942 ## - ADDED ENTRY ELEMENTS (KOHA)
Source of classification or shelving scheme Dewey Decimal Classification
Item type English Books
Call number suffix YAT
Classification part 650.142
Holdings
Withdrawn status Lost status Not for loan Collection code Home library Current library Date acquired Source of acquisition Cost, normal purchase price Full call number Barcode Copy number Cost, replacement price Koha item type
  Written-off vide DLB M. No. 383 dt 16.05.19   Non-fiction Central Jail Tihar Central Jail Tihar 23/08/2013 UBH/BL280/11.03.2013/180/08.03.2013/15.03.2013 350.00 650.142 YAT B-498674 1 350.00 English Books
    Not For Loan Non-fiction D.B.Act.Division D.B.Act.Division 03/07/2014 DBAD/PUB 350.00 650.142 YAT EN-93905 1 350.00 English Books
      Non-fiction Janak Puri Janak Puri 23/08/2013 UBH/BL280/11.03.2013/180/08.03.2013/15.03.2013 350.00 650.142 YAT B-498675 1 350.00 English Books
      Non-fiction Karol Bagh Karol Bagh 23/08/2013 UBH/BL280/11.03.2013/180/08.03.2013/15.03.2013 350.00 650.142 YAT B-498678 1 350.00 English Books
      Non-fiction Kasturba Gandhi Marg Kasturba Gandhi Marg 23/08/2013 UBH/BL280/11.03.2013/180/08.03.2013/15.03.2013 350.00 650.142 YAT B-498671 1 350.00 English Books
      Non-fiction Narela Narela 23/08/2013 UBH/BL280/11.03.2013/180/08.03.2013/15.03.2013 350.00 650.142 YAT B-498679 1 350.00 English Books
  Written-off vide DLB M. No. 383 dt 16.05.19   Non-fiction Patel Nagar Patel Nagar 23/08/2013 UBH/BL280/11.03.2013/180/08.03.2013/15.03.2013 350.00 650.142 YAT B-498670 1 350.00 English Books
      Non-fiction Peshwa Road Peshwa Road 23/08/2013 UBH/BL280/11.03.2013/180/08.03.2013/15.03.2013 350.00 650.142 YAT B-498672 1 350.00 English Books
      Non-fiction Sarojini Nagar Sarojini Nagar 23/08/2013 UBH/BL280/11.03.2013/180/08.03.2013/15.03.2013 350.00 650.142 YAT B-498676 1 350.00 English Books
      Non-fiction Shahdara Branch Shahdara Branch 23/08/2013 UBH/BL280/11.03.2013/180/08.03.2013/15.03.2013 350.00 650.142 YAT B-498680 1 350.00 English Books
      Non-fiction Tri Nagar Tri Nagar 23/08/2013 UBH/BL280/11.03.2013/180/08.03.2013/15.03.2013 350.00 650.142 YAT B-498673 1 350.00 English Books
      Non-fiction Vinoba Puri Vinoba Puri 23/08/2013 UBH/BL280/11.03.2013/180/08.03.2013/15.03.2013 350.00 650.142 YAT B-498677 1 350.00 English Books

© Delhi Public Library
Hit Counter
free hit counter